01554nam a2200313Ia 450000500170000000800410001702000150005808200170007310000160009024500590010625000190016530000430018465000390022765000420026665000470030865000340035594200120038926400500040133600270045133700330047833800280051104000350053999900150057495201300058995201300071995201300084995201300097995201310110920220317000609.0160601s2003 mx a g 000 0 spa  a968166892804a531.6 bT65o1 aTonda, Juan13aEl oro solar y otras fuentes de energía cJuan Tonda a3a. edición  a152 páginas bilustraciones c21 cm 142LEMBaEnergía xInvestigaciones 142LEMBaEnergía solar xAplicaciones 142LEMBaEnergía nuclear xInvestigaciones 142LEMBaRecursos energéticos  2ddccBK aMéxico bFondo de Cultura Económicac2003 atextobtxt2rdacontent asin mediaciónbn2rdamedia avolumenbnc2rdacarrier aCO-BoRNBPbspaerdacCO-BoRNBP c4517d4517 00102ddc40708GENaMEDORADObMEDORADOcGENd2022-12-28l0o531.6 T65opDOR00480r2022-12-28 00:00:00tEj.1w2022-12-28yBK 00102ddc40708GENaMEPRICObMEPRICOcGENd2023-02-06l0o531.6 T65opPR00000555r2023-02-06 00:00:00tEj.1w2023-02-06yBK 00102ddc40708GENaMELEJANIbMELEJANIcGENd2023-08-02l0o531.6 T65opLEJ00537r2023-08-02 19:52:19tEj.1w2023-08-02yBK 00102ddc40708GENaMEBAUPIAbMEBAUPIAcGENd2024-08-06l0o531.6 T65opBUP01593r2024-08-06 08:43:31tEj.1w2024-08-06yBK 00102ddc40708GENaMEACACIAbMEACACIAcGENd2025-12-12l0o531.6 T65opACA04455r2025-12-12 13:38:16tEj.1w2025-12-12yBK